000 01338cam a2200289 i 4500
003 SA-RiAUC
005 20251004161721.0
008 250929s1994 su a g b 00010 ara c
040 _aSA-RiAUC
_bara
_cSA-RiAUC
_erda
043 _aa-su---
082 0 4 _a373
_qSA-RiAUC
090 _a373
_bد ر ب
100 1 _aدرباس، أحمد سعيد
_eمؤلف.
245 1 0 _aمدى فهم أولياء أمور الطلاب لخصائص ومزايا التعليم الثانوي المطور /
_cإعداد أحمد سعيد درباس.
264 1 _aمكة المكرمة :
_bجامعة أم القرى :
_bمعهد البحوث العلمية وإحياء التراث الإسلامي، مركز البحوث التربوية والنفسية،
_c1994
300 _a144 صفحة :
_bإيضاحيات ؛
_c24 سم.
336 _aنص
_btxt
_2rdacontent
_3كتاب
337 _aبدون وسيط
_bn
_2rdamedia
338 _aمجلد
_bnc
_2rdacarrier
490 0 _aسلسلة بحوث العلوم التربوية والنفسية ؛
_v32
500 _aبحث ميداني.
500 _aيشتمل على إرجاعات ببليوجرافية.
500 _aيشتمل على ملاحق.
650 7 _aالتعليم الثانوي
_zالسعودية
_2aucsh
942 _2ddc
_cBOOK
_n0
949 _aSA-JeALM
_d250929
_umohamedma123
_n1
999 _c12361
_d12361